[Event "Moscow op-A 15th"]
[Site "Moscow"]
[Date "2019.02.01"]
[Round "7"]
[White "Kavyev, Ruslan"]
[Black "Smaglov, Konstantin"]
[Result "1-0"]
[WhiteElo "2191"]
[BlackElo "2090"]
[PlyCount "69"]
[EventDate "2019.01.26"]
[EventType "swiss"]
[EventRounds "9"]
[EventCountry "RUS"]
[SourceTitle "CBM 188 Extra"]
[Source "ChessBase"]
[SourceDate "2019.02.26"]
[SourceVersion "1"]
[SourceVersionDate "2019.02.26"]
[SourceQuality "1"]

1. d4 Nf6 2. c4 e6 3. Nf3 d5 4. g3 dxc4 5. Bg2 Nc6 6. Qa4 Bb4+ 7. Bd2 Bd6 8. Na3 Bxa3 9. bxa3 0-0 10. Qxc4 Qd5 11. Qd3 Rd8 12. Bc3 e5 13. dxe5 Qc5 14. Qe3 Qxe3 15. fxe3 Ng4 16. Bd4 Re8 17. Rc1 Ngxe5 18. Nxe5 Nxe5 19. Rxc7 Nc6 20. 0-0 Re7 21. Rxe7 Nxe7 22. Rb1 Nc6 23. Bc5 a5 24. a4 Nd8 25. Bb6 Be6 26. Bxd8 Rxd8 27. Rxb7 g6 28. Rb5 Rd2 29. Bf3 Bc4 30. Rxa5 Bxe2 31. Bd5 Bg4 32. Bb3 Rd6 33. Rd5 Rf6 34. Rd4 Be2 35. Rf4 1-0

[Event "Moscow op-A 15th"]
[Site "Moscow"]
[Date "2019.01.31"]
[Round "6"]
[White "Smaglov, Konstantin"]
[Black "Eynullayev, Altay Elshan"]
[Result "0-1"]
[WhiteElo "2090"]
[BlackElo "2236"]
[PlyCount "156"]
[EventDate "2019.01.26"]
[EventType "swiss"]
[EventRounds "9"]
[EventCountry "RUS"]
[SourceTitle "CBM 188 Extra"]
[Source "ChessBase"]
[SourceDate "2019.02.26"]
[SourceVersion "1"]
[SourceVersionDate "2019.02.26"]
[SourceQuality "1"]

1. e4 c5 2. Nf3 d6 3. d4 cxd4 4. Qxd4 Nc6 5. Bb5 a6 6. Bxc6+ bxc6 7. c4 e5 8. Qd3 Qc7 9. 0-0 Be7 10. Nc3 Nf6 11. b3 0-0 12. Bb2 Rd8 13. Na4 c5 14. Rfe1 Be6 15. Nc3 Bf8 16. Nd2 Qb7 17. Bc1 g6 18. Nf1 Bg7 19. Bg5 Rd7 20. Bxf6 Bxf6 21. Ne3 Bg7 22. Ncd5 Rf8 23. f3 f5 24. Rad1 f4 25. Nf1 h5 26. Rb1 g5 27. Kf2 g4 28. Ke2 Bh8 29. Nd2 Rg7 30. Kd1 Qb8 31. Kc2 Qd8 32. Re2 Rff7 33. a3 Qh4 34. Nf1 Rb7 35. b4 cxb4 36. axb4 Qd8 37. Kc3 a5 38. b5 a4 39. Ra2 gxf3 40. gxf3 Qa5+ 41. Rb4 a3 42. Kb3 Qd8 43. Rxa3 Rg2 44. Rba4 Qh4 45. Ra8+ Kh7 46. R3a7 Rxa7 47. Rxa7+ Kh6 48. Ra2 Rxa2 49. Kxa2 Qf2+ 50. Kb3 Qc5 51. Qe2 Kg6 52. Nd2 Bf6 53. Nb1 Bd8 54. Qg2+ Kf7 55. Nbc3 Bh4 56. Qd2 Bd8 57. Qa2 Qg1 58. Qa6 Bxd5 59. Qxd6 Bxe4 60. fxe4 Qd4 61. Qh6 Ba5 62. Qxh5+ Kg7 63. Nd5 Qxe4 64. Qg5+ Kf7 65. Qf6+ Kg8 66. Ne7+ Kh7 67. Qf7+ Kh6 68. Nf5+ Kg5 69. Qg7+ Kh5 70. Qh7+ Kg4 71. Qh4+ Kf3 72. Qh3+ Ke2 73. Ka4 Be1 74. Nd6 Qc2+ 75. Qb3 Qd2 76. Nb7 f3 77. c5 Qd4+ 78. Ka3 Qa1+ 0-1

[Event "Moscow op-A 15th"]
[Site "Moscow"]
[Date "2019.01.28"]
[Round "3"]
[White "Smaglov, Konstantin"]
[Black "Kirillov, Dmitry1111"]
[Result "1/2-1/2"]
[WhiteElo "2090"]
[BlackElo "2267"]
[PlyCount "116"]
[EventDate "2019.01.26"]
[EventType "swiss"]
[EventRounds "9"]
[EventCountry "RUS"]
[SourceTitle "CBM 188 Extra"]
[Source "ChessBase"]
[SourceDate "2019.02.26"]
[SourceVersion "1"]
[SourceVersionDate "2019.02.26"]
[SourceQuality "1"]

1. e4 c5 2. Nf3 e6 3. d4 cxd4 4. Nxd4 Nf6 5. Nc3 d6 6. g4 a6 7. h3 Be7 8. Be3 Qc7 9. Qe2 b5 10. a3 Bb7 11. Bg2 Nc6 12. Nxc6 Bxc6 13. 0-0 Qb7 14. Bf4 0-0 15. Rad1 Rfd8 16. g5 Ne8 17. Rfe1 a5 18. Bc1 b4 19. axb4 axb4 20. Nd5 Bf8 21. Nf4 Nc7 22. Qg4 Ra5 23. h4 Rc5 24. h5 Rxc2 25. g6 e5 26. gxf7+ Kxf7 27. Qf3 Ke8 28. Qb3 Rc5 29. Nd3 Rb5 30. Qg8 h6 31. Re3 Na6 32. Rf3 Qe7 33. Qh7 Kd7 34. Qg6 Kc8 35. Rf7 Qe8 36. Bh3+ Kb8 37. Be3 Rb7 38. Be6 Nc7 39. Bb3 Rd7 40. Nxe5 dxe5 41. Rxf8 Rxd1+ 42. Bxd1 Qxf8 43. Qxc6 Qe8 44. Qd6 Qe6 45. Qf8+ Qe8 46. Qxg7 Nd5 47. Qxh6 Nxe3 48. Qxe3 Rg7+ 49. Kf1 Qb5+ 50. Be2 Qa5 51. Qd2 Kc7 52. Bc4 Qa1+ 53. Ke2 Qh1 54. Bd5 Rg1 55. Qh6 Rc1 56. Qg7+ Kb6 57. Qb7+ Ka5 58. Qa7+ Kb5 1/2-1/2

[Event "Moscow op-A 14th"]
[Site "Moscow"]
[Date "2018.02.04"]
[Round "9"]
[White "Salman, Pavel"]
[Black "Smaglov, Konstantin"]
[Result "1-0"]
[WhiteElo "2258"]
[BlackElo "2056"]
[PlyCount "81"]
[EventDate "2018.01.27"]
[EventType "swiss"]
[EventRounds "9"]
[EventCountry "RUS"]
[SourceTitle "CBM 182 Extra"]
[Source "ChessBase"]
[SourceDate "2018.02.23"]
[SourceVersion "1"]
[SourceVersionDate "2018.02.23"]
[SourceQuality "1"]

1. Nf3 Nf6 2. g3 e6 3. Bg2 d5 4. 0-0 c5 5. d3 Nc6 6. Nbd2 Be7 7. e4 b6 8. Re1 Bb7 9. e5 Nd7 10. Nf1 g5 11. h3 h6 12. c3 Qc7 13. d4 0-0-0 14. Bd2 Kb8 15. a4 Rc8 16. b3 Rhe8 17. Ne3 f6 18. exf6 Nxf6 19. Ng4 Nxg4 20. hxg4 Bf6 21. Be3 cxd4 22. cxd4 Qd6 23. Bc1 Qd7 24. Bb2 Ba6 25. Qd2 Be7 26. Bc3 Bd6 27. b4 Bc4 28. b5 Nd8 29. Re3 Nf7 30. Qb2 a5 31. bxa6 Ka7 32. Rb1 Rb8 33. Qc2 b5 34. axb5 Rxb5 35. Rbe1 Nd8 36. Nd2 Qc7 37. Nxc4 dxc4 38. Qa4 Qb6 39. Qxc4 Qxa6 40. Bf1 Rb6 41. Ra1 1-0

[Event "Moscow op-A 14th"]
[Site "Moscow"]
[Date "2018.02.03"]
[Round "8"]
[White "Smaglov, Konstantin"]
[Black "Tran, Minh Thang"]
[Result "0-1"]
[WhiteElo "2056"]
[BlackElo "2359"]
[PlyCount "74"]
[EventDate "2018.01.27"]
[EventType "swiss"]
[EventRounds "9"]
[EventCountry "RUS"]
[SourceTitle "CBM 182 Extra"]
[Source "ChessBase"]
[SourceDate "2018.02.23"]
[SourceVersion "1"]
[SourceVersionDate "2018.02.23"]
[SourceQuality "1"]

1. e4 c5 2. Nf3 e6 3. d4 cxd4 4. Nxd4 a6 5. c4 Nf6 6. Nc3 Bb4 7. Bd3 Qc7 8. 0-0 Nc6 9. a3 Bd6 10. Nf3 Ne5 11. Nxe5 Bxe5 12. f4 Bd4+ 13. Kh1 d6 14. Ne2 Ba7 15. b4 Bd7 16. Bb2 h5 17. e5 Ng4 18. exd6 Qc6 19. Nd4 Bxd4 20. Bxd4 Qxd6 21. Bc5 Qc7 22. Qe2 Bc6 23. a4 Rd8 24. a5 Rd7 25. Rae1 g5 26. Bf5 Rh6 27. h3 gxf4 28. Bxg4 hxg4 29. Qxg4 Rd2 30. Qg8+ Kd7 31. Qxf7+ Kc8 32. Qf8+ Qd8 33. Qxh6 Bxg2+ 34. Kg1 Bd5 35. Rf2 Qg8+ 36. Kf1 Bg2+ 37. Kg1 Bf3+ 0-1

[Event "Moscow op-A 14th"]
[Site "Moscow"]
[Date "2018.02.02"]
[Round "7"]
[White "Balajayeva, Khanim Asad Qizi"]
[Black "Smaglov, Konstantin"]
[Result "1/2-1/2"]
[WhiteElo "2319"]
[BlackElo "2056"]
[PlyCount "137"]
[EventDate "2018.01.27"]
[EventType "swiss"]
[EventRounds "9"]
[EventCountry "RUS"]
[SourceTitle "CBM 182 Extra"]
[Source "ChessBase"]
[SourceDate "2018.02.23"]
[SourceVersion "1"]
[SourceVersionDate "2018.02.23"]
[SourceQuality "1"]

1. e4 e5 2. Nf3 Nc6 3. Nc3 Nf6 4. Be2 Be7 5. 0-0 0-0 6. d4 exd4 7. Nxd4 d6 8. h3 Re8 9. f4 Nxd4 10. Qxd4 Nd7 11. Bf3 Bf6 12. Qf2 Nb6 13. Rd1 Bxc3 14. bxc3 Qf6 15. Be3 Nc4 16. Rab1 a5 17. Rd4 Be6 18. f5 c5 19. Rd3 Bd7 20. Bxc5 Bc6 21. Bd4 Ne5 22. Bxe5 dxe5 23. Rbd1 h5 24. Rd6 Qe7 25. Bxh5 Red8 26. R6d3 Bxe4 27. f6 gxf6 28. Rg3+ Kf8 29. Qe3 Rxd1+ 30. Bxd1 Qd6 31. Qxe4 Qxd1+ 32. Kh2 Qd7 33. h4 Ke7 34. h5 Rh8 35. Rh3 Qc6 36. Qg4 Qc8 37. Qf3 Qc6 38. Qg3 Qd6 39. Rh4 f5 40. Qf2 e4+ 41. g3 b6 42. Qxf5 Qe6 43. Qxe4 Qxe4 44. Rxe4+ Kf6 45. Rf4+ Kg5 46. Rxf7 Rxh5+ 47. Kg2 Kg6 48. Rc7 Rb5 49. a4 Rb2 50. Kf3 Rxc2 51. Ke4 Rb2 52. Kd4 Kf5 53. Kc4 Ke5 54. Rg7 Kd6 55. Rg6+ Kc7 56. g4 Kb7 57. g5 Ka7 58. Rf6 Rg2 59. Rg6 Ka6 60. Rg8 Rg4+ 61. Kb3 Kb7 62. g6 Ka7 63. g7 Kb7 64. Kc2 Rg3 65. Kd2 Rg1 66. Ke3 Rg2 67. Ke4 Rg1 68. Kd5 Rd1+ 69. Kc4 1/2-1/2

[Event "Moscow op-A 14th"]
[Site "Moscow"]
[Date "2018.01.27"]
[Round "1"]
[White "Skatchkov, Valery"]
[Black "Smaglov, Konstantin"]
[Result "1/2-1/2"]
[WhiteElo "2351"]
[BlackElo "2056"]
[PlyCount "140"]
[EventDate "2018.01.27"]
[EventType "swiss"]
[EventRounds "9"]
[EventCountry "RUS"]
[SourceTitle "CBM 182 Extra"]
[Source "ChessBase"]
[SourceDate "2018.02.23"]
[SourceVersion "1"]
[SourceVersionDate "2018.02.23"]
[SourceQuality "1"]

1. d4 Nf6 2. c4 e6 3. Nf3 b6 4. g3 Bb7 5. Bg2 Be7 6. 0-0 0-0 7. Nc3 Ne4 8. Bd2 Bf6 9. Rc1 Nxd2 10. Qxd2 d6 11. d5 a5 12. e4 Nd7 13. Rce1 e5 14. h4 Nc5 15. Bh3 Bc8 16. Kg2 Bxh3+ 17. Kxh3 Qd7+ 18. Kg2 Qg4 19. Nh2 Qh5 20. Qc2 Rae8 21. Nd1 Qg6 22. Kh3 Bd8 23. f4 exf4 24. Rxf4 h5 25. Nf3 Bf6 26. Nf2 Be5 27. Nxe5 Rxe5 28. Qd1 f5 29. exf5 Rexf5 30. Qc2 R8f6 31. Re7 Rxf4 32. Qxg6 Rxg6 33. gxf4 Rf6 34. Kg3 Rf7 35. Re8+ Rf8 36. Re3 Kf7 37. Nh3 Re8 38. Ng5+ Kf8 39. Ne6+ Nxe6 40. Rxe6 a4 41. f5 Ra8 42. Kf4 Ra5 43. Kg5 Rc5 44. Re4 Kf7 45. Rd4 b5 46. b3 axb3 47. axb3 b4 48. Rf4 Ra5 49. f6 Ra1 50. fxg7+ Kxg7 51. c5 Rd1 52. cxd6 Rxd5+ 53. Rf5 Rxd6 54. Rb5 Rd4 55. Kxh5 Kf6 56. Rc5 Rd3 57. Rc6+ Kg7 58. Rxc7+ Kg8 59. Kg6 Rg3+ 60. Kh6 Rxb3 61. Rb7 Rb1 62. h5 Rf1 63. Rxb4 Rf8 64. Kg6 Ra8 65. Rb6 Rc8 66. h6 Ra8 67. Rf6 Rc8 68. h7+ Kh8 69. Rf4 Ra8 70. Rg4 Ra6+ 1/2-1/2

[Event "Moscow op-E"]
[Site "Moscow"]
[Date "2011.01.29"]
[Round "1.211"]
[White "Smaglov, Konstantin"]
[Black "Martynyuk, Elizaveta"]
[Result "1-0"]
[WhiteElo "2161"]
[BlackElo "1738"]
[PlyCount "81"]
[EventDate "2011.01.29"]
[EventType "swiss"]
[EventRounds "9"]
[EventCountry "RUS"]
[SourceTitle "EXT 2022"]
[Source "ChessBase"]
[SourceDate "2021.10.06"]
[SourceVersion "1"]
[SourceVersionDate "2021.10.06"]
[SourceQuality "1"]

1. d4 f5 2. e4 fxe4 3. Nc3 Nf6 4. Bg5 e6 5. Nxe4 Be7 6. Bxf6 Bxf6 7. Nf3 0-0 8. Bd3 b6 9. Qe2 Bb7 10. 0-0-0 Nc6 11. h4 Nb4 12. Neg5 h6 13. Bh7+ Kh8 14. Bg6 Bxf3 15. Nxf3 Nxa2+ 16. Kb1 Nb4 17. g4 Qc8 18. g5 Be7 19. Ne5 Qa6 20. Qxa6 Nxa6 21. Bd3 Nb4 22. Ng6+ Kg8 23. Nxe7+ Kf7 24. Ng6 Rg8 25. Be4 d5 26. Ne5+ Ke7 27. Bh7 Rgc8 28. c3 Na6 29. gxh6 gxh6 30. Rdg1 Kd6 31. Rg7 Nb8 32. Bd3 Rf8 33. Ba6 Rxf2 34. Bb7 a5 35. Bxa8 Rf8 36. Rh7 Rf6 37. Rg1 Rf8 38. Rgg7 Rd8 39. Rxc7 b5 40. Ra7 a4 41. Nf7# 1-0